000
00266nam a2200109 a 4500
008
120206s2003|||| d
100
1
_a
Mikulaj, Vladimír
245
1
0
_a
Uroinfekcie u žien
260
_b
Luskpress
_a
Bratislava
_c
2003
020
_c
Dar
044
_a
xo
_c
SK
999
_c
18374
_d
18374